A ver si sabes ... : (Registro nro. 3682)
[ vista simple ]
| 000 -LEADER | |
|---|---|
| fixed length control field | 01805nam a2200349Ia 4500 |
| 003 - CONTROL NUMBER IDENTIFIER | |
| control field | OSt |
| 005 - DATE AND TIME OF LATEST TRANSACTION | |
| control field | 20200330101210.0 |
| 008 - FIXED-LENGTH DATA ELEMENTS--GENERAL INFORMATION | |
| fixed length control field | 191128s1996 mx a gr 001 0 spa d |
| 020 ## - INTERNATIONAL STANDARD BOOK NUMBER | |
| International Standard Book Number | 9686548343 |
| 040 ## - CATALOGING SOURCE | |
| Original cataloging agency | CO-JMCR |
| Transcribing agency | CO-JMCR |
| 082 04 - DEWEY DECIMAL CLASSIFICATION NUMBER | |
| Classification number | 030 / |
| Item number | V473a |
| 100 1# - MAIN ENTRY--PERSONAL NAME | |
| Personal name | Vera, José Luis, |
| Relator term | Coordinación de texto |
| 9 (RLIN) | 2147 |
| 245 12 - TITLE STATEMENT | |
| Title | A ver si sabes ... : |
| Remainder of title | libro - juego de preguntas y respuestas / |
| Statement of responsibility, etc. | José Luis Vera, Susana Esquerdo, Mónica Marínez ; ilustraciones, Nuria peiriz, Francisco Ráfols |
| 260 ## - PUBLICATION, DISTRIBUTION, ETC. | |
| Place of publication, distribution, etc. | México : |
| Name of publisher, distributor, etc. | Lexus, |
| Date of publication, distribution, etc. | 1996 |
| 300 ## - PHYSICAL DESCRIPTION | |
| Extent | 79 Páginas : |
| Other physical details | Ilustraciones a color ; |
| Dimensions | 27 cm. |
| 490 0# - SERIES STATEMENT | |
| Series statement | Programa educativo visual |
| 500 ## - GENERAL NOTE | |
| General note | Volumen 1 : Preguntas de 1 - 10 |
| 505 ## - FORMATTED CONTENTS NOTE | |
| Formatted contents note | ¿Cómo actúa un agujero negro sobre cualquier otro cuerpo del espacio? -- ¿Qué son las gafas bifocales? -- ¿ Cuanto mide un palmo? -- ¿ cual es el planeta más cercano al sol? -- ¿Es lo mismo un círculo que una circunferencia. |
| 520 ## - SUMMARY, ETC. | |
| Summary, etc. | A ver si sabes… es un libro-juego de preguntas y respuestas pensando para que ´pueda participar toda la familia. Su objetivo es que los lectores se diviertan a la vez que aprenden y aprendan a la vez que se divierten |
| 546 ## - LANGUAGE NOTE | |
| Language note | spa |
| 650 14 - SUBJECT ADDED ENTRY--TOPICAL TERM | |
| Topical term or geographic name entry element | Física |
| General subdivision | preguntas y respuestas |
| 9 (RLIN) | 2148 |
| 650 24 - SUBJECT ADDED ENTRY--TOPICAL TERM | |
| Topical term or geographic name entry element | Química |
| General subdivision | preguntas y respuestas |
| 9 (RLIN) | 2153 |
| 650 24 - SUBJECT ADDED ENTRY--TOPICAL TERM | |
| Topical term or geographic name entry element | Astronomía |
| General subdivision | preguntas y respuestas |
| 9 (RLIN) | 2154 |
| 650 24 - SUBJECT ADDED ENTRY--TOPICAL TERM | |
| Topical term or geographic name entry element | Geografía |
| General subdivision | preguntas y respuestas |
| 9 (RLIN) | 2155 |
| 650 24 - SUBJECT ADDED ENTRY--TOPICAL TERM | |
| Topical term or geographic name entry element | Tecnología |
| General subdivision | preguntas y respuestas |
| 9 (RLIN) | 2156 |
| 650 24 - SUBJECT ADDED ENTRY--TOPICAL TERM | |
| Topical term or geographic name entry element | Gramática |
| General subdivision | preguntas y respuestas |
| 9 (RLIN) | 2157 |
| 700 1# - ADDED ENTRY--PERSONAL NAME | |
| Personal name | Susana Esquerdo, |
| Relator term | Coordinación de texto |
| 9 (RLIN) | 2149 |
| 700 1# - ADDED ENTRY--PERSONAL NAME | |
| Personal name | Marínez, Mónica, |
| Relator term | Coordinación de texto |
| 9 (RLIN) | 2150 |
| 700 1# - ADDED ENTRY--PERSONAL NAME | |
| Personal name | Peiriz, Nuria, |
| Relator term | ilustradora |
| 9 (RLIN) | 2151 |
| 700 1# - ADDED ENTRY--PERSONAL NAME | |
| Personal name | Ráfols, Francisco, |
| Relator term | Ilustrador |
| 9 (RLIN) | 2152 |
| 942 ## - ADDED ENTRY ELEMENTS (KOHA) | |
| Source of classification or shelving scheme | Dewey Decimal Classification |
| Koha item type | Books |
| Withdrawn status | Lost status | Source of classification or shelving scheme | Materials specified (bound volume or other part) | Damaged status | Not for loan | Home library | Current library | Shelving location | Date acquired | Source of acquisition | Cost, normal purchase price | Total Checkouts | Full call number | Barcode | Date last seen | Copy number | Price effective from | Koha item type |
|---|---|---|---|---|---|---|---|---|---|---|---|---|---|---|---|---|---|---|
| Dewey Decimal Classification | Donación--25/07/2018-- | Biblioteca Pública José María del Castillo y Rada | Biblioteca Pública José María del Castillo y Rada | General Stacks | 11/28/2019 | Donación | 0.00 | 030 / V473a | 201807580 | 05/16/2024 | V.1 / Ej.1 | 11/28/2019 | Books |